Trasa lini 367 - PKM Jaworzno - Statystyki

Ogólne statystyki
  • Ten quiz został rozwiązany 15 razy
  • Średni wynik to 11 z 26
Statystyki odpowiedzi
Hint Odpowiedź % Poprawnych
1 Krakowska Pętla
82%
2 Rogatka
73%
3 Urząd Miejski
73%
24 Byczyna
64%
4 Matejki
64%
13 Jeleń Rynek
55%
5 Matejki Arkady
55%
22 Byczyna Abstorskich
45%
6 Stara Huta Spacerowa
45%
8 Azot
36%
26 Byczyna Pętla
36%
23 Byczyna Rewolucjonistów
36%
19 Jeleń Inwestycyjna
36%
20 Jeleń Okragle Skrzyżowanie
36%
17 Jeleń Piekarnia
36%
14 Jeleń Przedszkole
36%
16 Jeleń Szkoła
36%
10 Sobieski Pętla
36%
7 Stara Huta Fabryczna
36%
9 Szyb Sobieski
36%
18 Jeleń Centrum Handlowe
27%
12 Jeleń Cmentarz
27%
15 Jeleń Dom Kultury
27%
11 Jeleń Lipinka
27%
21 Jeleń Okragle Kapliczka
27%
25 Byczyna Metro
18%
Nie znaleziono quizów pasujących do podanych kryteriów
Rozkład punktacji
Procent ludzi z każdym wynikiem
Percentyl według liczby udzielonych odpowiedzi
Twoja historia wyników
Nie rozwiązałeś tego quizu